Soft magnetic materials: fundamentals, alloys, propieties, products, applications. The vacuumschmelze handbook
Wedi'i Gadw mewn:
| Prif Awdur: | |
|---|---|
| Fformat: | Llyfr |
| Iaith: | Saesneg |
| Cyhoeddwyd: |
Berlín
Siemens
1979
Berlín Heyden 1979 |
| Pynciau: | |
| Tagiau: |
Ychwanegu Tag
Dim Tagiau, Byddwch y cyntaf i dagio'r cofnod hwn!
|
MARC
| LEADER | 00000nam a2200000 a 4500 | ||
|---|---|---|---|
| 001 | UCU5209 | ||
| 003 | CL-VaPUC | ||
| 008 | 960531e19790000gw |||||||||||||||||eng|d | ||
| 082 | 0 | 4 | |a 621.34 |b BOL |2 21 |
| 100 | 0 | |a Boll, Richard |e author |9 363102 | |
| 245 | 1 | 0 | |a Soft magnetic materials: fundamentals, alloys, propieties, products, applications. The vacuumschmelze handbook |
| 300 | |a 353 p | ||
| 942 | |c BK | ||
| 945 | |d 19960531 00:00:00 |a lriquelm | ||
| 260 | |a Berlín |b Siemens |c 1979 | ||
| 260 | |a Berlín |b Heyden |c 1979 | ||
| 650 | 7 | |a MATERIALES MAGNETICOS |2 CL-VaPUC |9 271911 | |
| 650 | 0 | |a Magnetismo |9 260336 | |
| 650 | 0 | |a Física del estado solido |9 315365 | |
| 650 | 7 | |a NUCLEOS MAGNETICOS |2 CL-VaPUC |9 361224 | |
| 583 | |a last modification |c 20171213 01:48:29 |k Rodrigo Vera | ||
| 999 | |c 248648 |d 248646 | ||
| 952 | |0 0 |1 0 |4 0 |6 621_340000000000000_BOL_1979_1979 |7 0 |8 A |9 265431 |a BIBING |b BIBING |d 2019-11-19 |i 1669141 |o 621.34 BOL 1979 1979 |p 1669141 |r 2025-01-20 |w 2019-11-19 |y BK |k EIE | ||